Statistics for How Do You Say This in Spanish? (Geography Version)

Click here to take the quiz!

General Stats

  • This quiz has been taken 83 times
    (81 since last reset)
  • The average score is 24 of 50

Answer Stats

EnglishSpanish% Correct
BeachPlaya
84%
CaliforniaCalifornia
82%
MexicoMéxico
77%
SpainEspaña
75%
Puerto RicoPuerto Rico
75%
BaliBali
72%
AconcaguaAconcagua
70%
United StatesEstados Unidos
70%
MountainMontaña
67%
LondonLondres
66%
Yellow RiverRío Amarillo
64%
MajorcaMallorca
62%
TahitiTahití
61%
AmazonAmazonas
57%
United KingdomReino Unido
57%
New GuineaNueva Guinea
56%
Atlantic OceanOcéano Atlántico
54%
SuvaSuva
54%
New ZealandNueva Zelanda
52%
VietnamVietnam
52%
PhiladelphiaFiladelfia
49%
New EnglandNueva Inglaterra
49%
BolognaBolonia
48%
LongitudeLongitud
48%
Czech RepublicRepública Checa
48%
South IslandIsla Sur
46%
MissouriMisuri
46%
MyanmarBirmania
44%
WalesGales
44%
South PolePolo Sur
43%
DanubeDanubio
41%
ScotlandEscocia
41%
MoroccoMarruecos
41%
AlgeriaArgelia
39%
ScandinaviaEscandinavia
38%
StockholmEstocolmo
38%
JerusalemJerusalén
38%
MarseilleMarsella
36%
HispaniolaLa Española
34%
Côte d'IvoireCosta de Marfil
31%
CopenhagenCopenhague
30%
DjiboutiYibuti
30%
Port-au-PrincePuerto Príncipe
28%
The HagueLa Haya
26%
SavannaSabana
25%
West VirginiaVirginia Occidental
25%
NewfoundlandIsla de Terranova
21%
ThimphuTimbu
20%
Mariana TrenchFosa de las Marianas
18%
TagusTajo
16%

Score Distribution

Percentile by Number Answered

Percent of People with Each Score

Your Score History

You have not taken this quiz since the last reset